Central Library OPAC University of Rajshahi

Shelley; Adonais : (Record no. 21263)

MARC details
000 -LEADER
fixed length control field 00814nam a22002533 4500
001 - CONTROL NUMBER
control field 21263
003 - CONTROL NUMBER IDENTIFIER
rucl marc code BD-RjUL
005 - DATE AND TIME OF LATEST TRANSACTION
control field 20211209000651.0
008 - FIXED-LENGTH DATA ELEMENTS--GENERAL INFORMATION
fixed length control field 140304s1910 enk 000 0 d
020 ## - INTERNATIONAL STANDARD BOOK NUMBER
International Standard Book Number 723100780
035 ## - SYSTEM CONTROL NUMBER
System control number CD-0000815096
-- (BD-RjUL)21327
040 ## - CATALOGING SOURCE
Original cataloging agency BD-RjUL
Language of cataloging eng
Transcribing agency BD-RjUL
Modifying agency BD-RjUL
041 ## - LANGUAGE CODE
Language code of text/sound track or separate title eng
082 ## - DEWEY DECIMAL CLASSIFICATION NUMBER
Classification number 052
Author mark and year SHS 1910
100 1# - MAIN ENTRY--PERSONAL NAME
Personal name Shelley, Percy Bysshe.
9 (RLIN) 65742
245 10 - TITLE STATEMENT
Title Shelley; Adonais :
Remainder of title an elegy on the death of John Keats, author of Endymion, Hyperion, etc /
Statement of responsibility, etc. ed. by A.R. Weekes.
260 ## - PUBLICATION, DISTRIBUTION, ETC. (IMPRINT)
Place of publication, distribution, etc. London :
Date of publication, distribution, etc. 1910
Name of publisher, distributor, etc. University tutorial press,
300 ## - PHYSICAL DESCRIPTION
Size 15 cm.
Pagination 83 p. :
600 ## - SUBJECT ADDED ENTRY--PERSONAL NAME
Dates associated with a name Keats, John, 1795-1821.
690 00 - LOCAL SUBJECT ADDED ENTRY--TOPICAL TERM (OCLC, RLIN)
Topical term or geographic name as entry element Poetry
700 1# - ADDED ENTRY--PERSONAL NAME
Personal name Weekes, Agnes Russell,
Relator term ed.
752 ## - ADDED ENTRY--HIERARCHICAL PLACE NAME
Country or larger entity England
City London
942 ## - ADDED ENTRY ELEMENTS (KOHA)
Source of classification or shelving scheme Dewey Decimal Classification
Koha item type Books
Holdings
Lost status Source of classification or shelving scheme Damaged status Not for loan Collection code Permanent Location Current Location Shelving location Date acquired Source of acquisition Cost, normal purchase price Total Checkouts Full call number Date last seen Copy number Koha item type
  Dewey Decimal Classification     Non-fiction Central Library, University of Rajshahi Central Library, University of Rajshahi   26/02/1970 Sweet & Zeither 3.60   052 SHS 1910 04/03/2014 C-6 Books